|
|
|
|
| LEADER |
02199nam a22003973i 4500 |
| 001 |
EBC6676602 |
| 003 |
MiAaPQ |
| 005 |
20231204023217.0 |
| 006 |
m o d | |
| 007 |
cr cnu|||||||| |
| 008 |
231204s2021 xx o ||||0 ger d |
| 020 |
|
|
|a 9783658343668
|q (electronic bk.)
|
| 020 |
|
|
|z 9783658343651
|
| 035 |
|
|
|a (MiAaPQ)EBC6676602
|
| 035 |
|
|
|a (Au-PeEL)EBL6676602
|
| 035 |
|
|
|a (OCoLC)1266655833
|
| 040 |
|
|
|a MiAaPQ
|b eng
|e rda
|e pn
|c MiAaPQ
|d MiAaPQ
|
| 050 |
|
4 |
|a JZ5509.2-6300
|
| 100 |
1 |
|
|a Werkner, Ines-Jacqueline.
|
| 245 |
1 |
0 |
|a Gerechter Frieden :
|b Im Spannungsfeld Zwischen Ziviler Konfliktbearbeitung und Rechtserhaltender Gewalt.
|
| 250 |
|
|
|a 1st ed.
|
| 264 |
|
1 |
|a Wiesbaden :
|b Springer Fachmedien Wiesbaden GmbH,
|c 2021.
|
| 264 |
|
4 |
|c ©2021.
|
| 300 |
|
|
|a 1 online resource (41 pages)
|
| 336 |
|
|
|a text
|b txt
|2 rdacontent
|
| 337 |
|
|
|a computer
|b c
|2 rdamedia
|
| 338 |
|
|
|a online resource
|b cr
|2 rdacarrier
|
| 490 |
1 |
|
|a Essentials Series
|
| 505 |
0 |
|
|a Intro -- Was Sie in diesem essential finden können -- Inhaltsverzeichnis -- 1 Zur Einführung -- 2 Der gerechte Frieden - zur Verortung eines Konzeptes -- 3 Frieden durch Recht - Recht durch Krieg? -- 4 Rechtserhaltende Gewalt oder rechtserhaltender Zwang - mehr als eine semantische Unterscheidung? -- 5 Zivile Konfliktbearbeitung - eine vorrangige Aufgabe, aber nicht ohne Beschränkungen und Aporien -- 6 Gerechter Frieden als Orientierungswissen - ein christliches Leitbild für eine plurale Gesellschaft? Ein Ausblick -- Was Sie aus diesem essential mitnehmen können -- Literatur.
|
| 588 |
|
|
|a Description based on publisher supplied metadata and other sources.
|
| 590 |
|
|
|a Electronic reproduction. Ann Arbor, Michigan : ProQuest Ebook Central, 2023. Available via World Wide Web. Access may be limited to ProQuest Ebook Central affiliated libraries.
|
| 655 |
|
4 |
|a Electronic books.
|
| 776 |
0 |
8 |
|i Print version:
|a Werkner, Ines-Jacqueline
|t Gerechter Frieden
|d Wiesbaden : Springer Fachmedien Wiesbaden GmbH,c2021
|z 9783658343651
|
| 797 |
2 |
|
|a ProQuest (Firm)
|
| 830 |
|
0 |
|a Essentials Series
|
| 856 |
4 |
0 |
|u https://ebookcentral.proquest.com/lib/matrademy/detail.action?docID=6676602
|z Click to View
|